Wittgenstein-Husserl : Lebensform y Lebenswelt, Philosophy Workshop 2017 /

Bibliographic Details
Main Authors: Suárez, Jeison Andrés (Author), Sánchez, María Cristina (Author), Giraldo, Ana María (Author)
Format: Electronic eBook
Language:Spanish
Published: Santiago de Cali : Pontificia Universidad Javeriana Cali, 2018.
Subjects:
Online Access:Digitalia Hispánica

MARC

LEADER 00000nam a2200000Ii 4500
001 DIGEPUJ0507
003 NyNyDIG
006 m o d
007 cr |||||||||||
008 260205s2018 ck ob 000 0 spa d
035 |a (OCoLC)1573182479 
040 |a DGITA  |b eng  |e rda  |e pn  |c DGITA 
020 |z 9789585453777 
043 |a e-gx--- 
050 1 4 |a B3376.W564 ebook 
245 0 0 |a Wittgenstein-Husserl :  |b Lebensform y Lebenswelt, Philosophy Workshop 2017 /  |c Jeison Andrés Suárez, María Cristina Sánchez, Ana María Giraldo. 
264 1 |a Santiago de Cali :  |b Pontificia Universidad Javeriana Cali,  |c 2018. 
300 |a 1 online resource. 
336 |a text  |b txt  |2 rdacontent 
337 |a computer  |b c  |2 rdamedia 
338 |a online resource  |b cr  |2 rdacarrier 
347 |a text file  |2 rdaft 
347 |b PDF 
500 |a "Pontificia Universidad Javeriana, Cali, Facultad de Humanidades y Ciencias Sociales, Departamento de Humanidades"--Cover. 
504 |a Includes bibliographical references. 
588 0 |a Online resource; title from PDF title page (Digitalia, viewed February 5, 2026) 
600 1 0 |a Wittgenstein, Ludwig,  |d 1889-1951  |x Criticism and interpretation. 
600 1 0 |a Husserl, Edmund,  |d 1859-1938  |x Criticism and interpretation. 
650 0 |a Phenomenology. 
650 0 |a Language and languages  |x Philosophy. 
650 0 |a Intersubjectivity. 
650 0 |a Philosophy, German. 
700 1 |a Suárez, Jeison Andrés,  |e author. 
700 1 |a Sánchez, María Cristina,  |e author. 
700 1 |a Giraldo, Ana María,  |e author. 
791 2 |a Digitalia (Firm),  |e distributor. 
793 0 |g Digitalia eBook Collection:  |a Pontificia Universidad Javeriana 
776 0 8 |i Print version:  |t Wittgenstein-Husserl.  |d Santiago de Cali : Pontificia Universidad Javeriana Cali, 2018  |z 9789585453777 
856 4 0 |3 Digitalia Hispánica  |u https://www.digitaliapublishing.com/a/183142/ 
910 |a Premium collection: 2026